LEADER 00789nam a2200217 i 4500 001 000000164402 003 CaOOAMICUS 005 20070914000000.0 008 070914s1954 it u000 u ita u 013 $a141770 040 $aSeMil$bita 100 1 $aDe Mattei, Rodolfo.$0(OLS)http://semarc/name/6912 245 10$aLabirinto romano /$cRodolfo De Mattei. 260 $aFirenze :$bVallecchi,$c1954. 300 $a414 p., [22] c. di tav. ;$c22 cm. 650 4$aRoma - Aneddoti.$0(OLS)http://semarc/subject/31241 850 $aSeMil 852 $aSeMil$W1$xVenegono$y1$m3S II 95$j246165$B115669$CSeMilBibl$Z2$F126551 $81 961 $aRecupero: Altro 996 $6245$aLabirinto romano$9(OLS)http://semarc/title/234563 996 $6260$aFirenze :$bVallecchi$9(OLS)http://semarc/publisher/29768 LEADER 00960nam a2200241 i 4500 001 000000043341 003 CaOOAMICUS 005 20090812000000.0 008 090812s1971 it u000 u ita u 013 $a14511 040 $aSeMil$bita 100 1 $aDoyon, Jacques .$0(OLS)http://semarc/name/21519 240 10$aChristologie pour notre temps.$0(OLS)http://semarc/title/63623 245 10$aCristologia per il nostro tempo /$cJacques Doyon. 260 $aBari :$bPaoline,$c1971. 300 $a461 p. ;$c20 cm. 490 0 $aCultura religiosa per laici ;$v6 650 4$aCristologia.$0(OLS)http://semarc/subject/173 830 0$aCultura religiosa per laici ;$v6.$0(OLS)http://semarc/title/28522 850 $aSeMil 852 $aSeMil$W1$xVenegono$y1$m2B II 178$j9496$B9496$CSeMilBibl$Z2$F9496 $81 996 $6245$aCristologia per il nostro tempo$9(OLS)http://semarc/title/63622 996 $6260$aBari :$bPaoline$9(OLS)http://semarc/publisher/31230